| 000 | 00758nam a2200241 a 4500 | ||
|---|---|---|---|
| 001 | 000019984 | ||
| 005 | 20200929170222.0 | ||
| 008 | 100709s1958 sp 001 f spa d | ||
| 040 |
_aDO-SdBNP _bspa _cBNPHU |
||
| 082 |
_a843.7 _bL217g, 1958 |
||
| 100 | 1 |
_aLamartine, Alphonse de, _d1790-1869 _942587 |
|
| 245 | 1 | 0 |
_aGraziella / _cA. de Lamartine. |
| 250 | _a3a ed. | ||
| 260 |
_aMadrid : _bEspasa-Calpe, _c1958. |
||
| 300 |
_a157, [16] p. ; _c18 cm. |
||
| 490 | 1 |
_aAustral. Azul: novelas y cuentos en general _v858 |
|
| 500 | _aIncluye índice de autores. | ||
| 650 | 4 |
_aNovela francesa _91075 |
|
| 650 | 4 |
_aLiteratura francesa _ySIGLO XIX _95031 |
|
| 830 | 0 |
_aAustral. _pAzul: novelas y cuentos en general. _v858 _922386 |
|
| 910 | _aWM | ||
| 049 | _aBNGR | ||
| 999 |
_c19496 _d19496 |
||